Countries of Europe in 1812 on a map - Statistics

General Stats
  • This quiz has been taken 72 times
  • The average score is 27 of 60
Answers on the Map
Answers color-coded by a green-red scale on the quiz's map according to % correct below.
 
Answer Stats
Country % Correct
French Empire
100%
Russia
98%
Spain
98%
United Kingdom
98%
Portugal
97%
Sweden
97%
Denmark
95%
Ottoman Empire
94%
Austrian Empire
90%
Prussia
87%
Sicily
86%
Italy
83%
Switzerland
83%
Bavaria
81%
Montenegro
79%
Sardinia
79%
Naples
75%
Serbia
70%
Baden
67%
San Marino
65%
Saxony
63%
Moldavia
62%
Württemberg
59%
Hesse
57%
Wallachia
51%
Liechtenstein
49%
Duchy of Warsaw
43%
Mecklenburg-Schwerin
43%
Mecklenburg-Strelitz
43%
Danzig
38%
Lucca
37%
Anahlt-Dessau
35%
Anhalt-Bernburg
35%
Anhalt-Köthen
35%
Frankfurt
35%
Nassau
29%
Hohenzollern-Hechingen
27%
Hohenzollern-Sigmaringen
27%
Saxe-Coburg
25%
Saxe-Gotha
25%
Saxe-Hildburghausen
25%
Saxe-Meiningen
25%
Saxe-Weimar
25%
Berg
22%
Schaumburg-Lippe
22%
Schwarzburg-Rudolstadt
16%
Waldeck
16%
Neuchatel
13%
Würzburg
11%
Westfalen
6%
Benevento
5%
Reuss-Gera
5%
Reuss-Greiz
5%
Isenburg
3%
Piombino
3%
Pontecorvo
3%
Schwarzburg-Sondershausen
3%
Hohengeroldseck
0%
Lippe-Detmold
0%
Septinsular Republic
0%
No matching quizzes found
Score Distribution
Percent of People with Each Score
Percentile by Number Answered
Your Score History
You have not taken this quiz